Statistiche per Riconosci lo Stadio - Italia - Quiz n°1

Clicka qui per fare il quiz!

Statistiche generali

  • Questo quiz è stato fatto 119 volte
  • Il punteggio medio è 5 su 10

Statistiche sulle risposte

Risposta% Corretto
Stadio Marcantonio Bentegodi - Verona
94%
Gewiss Stadium - Bergamo
63%
Stadio Brianteo - Monza
57%
Stadio Pier Luigi Penzo - Venezia
56%
Stadio Nereo Rocco - Trieste
50%
Stadio Carlo Castellani - Empoli
48%
Stadio Comunale San Vito-Gigi Marulla - Cosenza
39%
Stadio Romeo Menti - Vicenza
36%
Stadio Euganeo - Padova
26%
Stadio Erasmo Iacovone - Taranto
10%

Distribuzione punteggi

Percentile per numero di risposta

Percentuale di utenti per punteggio

I tuoi punteggi nel tempo

Non hai fatto questo quiz